[Event "Summer Cup"]
[Site "Wellington Chess Club"]
[Date "2023.02.10"]
[Round "1.29"]
[White "Ulm, Joy"]
[Black "Sova, Leo"]
[Result "1-0"]
[WhiteElo "1654"]
[BlackElo "1000"]

1. d4 d5 2. c4 e6 3. Nc3 Nf6 4. Bg5 Nbd7 5. Nf3 Be7 6. e3 c6 7. cxd5 exd5 8.
Bd3 h6 9. Bh4 O-O 10. O-O Re8 11. Qc2 Qc7 12. Rfc1 a6 13. a4 b6 14. Bg3 Bd6 15.
Bxd6 Qxd6 16. e4 Qe7 17. Re1 dxe4 18. Nxe4 Bb7 19. Nc5 Qd6 20. Nxb7 Rxe1+ 21.
Rxe1 Qc7 22. Re7 Qxb7 23. Ne5 Re8 24. Rxf7 Rxe5 25. dxe5 Kxf7 26. exf6 Nxf6 27.
Qc4+ Nd5 28. Qxa6 Qxa6 29. Bxa6 Nb4 30. Bc4+ Kf6 31. b3 Nc2 32. Kf1 Nd4 33. Ke1
b5 34. axb5 cxb5 35. Bg8 Ke5 36. Kd2 Ke4 37. Kc3 Nxb3 38. Bh7+ Ke5 39. Kxb3 Kd4
40. Kb4 g5 41. Kxb5 Kc3 42. Kc5 Kd2 43. Be4 Ke2 44. Kd5 Kxf2 45. Ke5 g4 46. Kf4
h5 47. Kg5 g3 48. hxg3 Kxg3 49. Kxh5 Kf4 50. Bc6 Kg3 51. Kg5 Kh2 52. g4 Kg3 53.
Kf5 Kh4 54. g5 Kh5 55. Bf3+ 1-0

[Event "Summer Cup"]
[Site "Wellington Chess Club"]
[Date "2023.02.10"]
[Round "1.30"]
[White "Ulm, Eric"]
[Black "Evans, Oliver"]
[Result "1/2-1/2"]
[WhiteElo "1000"]
[BlackElo "1641"]

1. e4 e5 2. Nf3 Nc6 3. Bb5 a6 4. Ba4 d6 5. d4 Bd7 6. d5 Na7 7. Bxd7+ Qxd7 8. a4
Ne7 9. O-O h6 10. Nc3 g5 11. g3 f6 12. Kg2 O-O-O 13. Be3 Kb8 14. Qd3 h5 15. Rh1
g4 16. Nh4 Bh6 17. Bxh6 Rxh6 18. b4 c6 19. Rhb1 b5 20. axb5 axb5 21. Ra6 Rc8
22. Rba1 Rc7 23. Qe3 Rh7 24. Nf5 Nxf5 25. exf5 Qxf5 26. dxc6 Qf3+ 27. Qxf3
gxf3+ 28. Kxf3 Rxc6 29. Rxc6 Nxc6 30. Nxb5 d5 31. c3 Rd7 32. Rd1 Na7 33. Nxa7
Kxa7 34. Ra1+ Kb6 35. Ra8 Rc7 36. Ra3 Rc4 1/2-1/2

[Event "Summer Cup"]
[Site "Wellington Chess Club"]
[Date "2023.02.10"]
[Round "1.31"]
[White "Scott, Callum"]
[Black "Wilde, Brynn"]
[Result "1-0"]
[WhiteElo "1621"]
[BlackElo "1000"]

1. e4 c6 2. d4 d5 3. e5 Bf5 4. Nf3 e6 5. Be2 c5 6. c3 Nc6 7. O-O Qb6 8. Nh4 Bg6
9. Nxg6 hxg6 10. c4 O-O-O 11. Qc2 Nxd4 12. Qd3 Nxe2+ 13. Qxe2 d4 14. Rd1 Ne7
15. Bg5 Rh5 16. h4 Rd7 17. Rd3 Nc6 18. Nd2 Qxb2 19. Rb1 Qxa2 20. Qd1 Qa5 21.
Nb3 Qc7 22. g4 Rxg5 23. hxg5 Nxe5 24. Rg3 Rd8 25. Rc1 Be7 26. f4 Bxg5 27. fxg5
Rh8 28. Rc2 Nxc4 29. Rgg2 Ne3 30. Qf3 Qb6 31. Qxf7 Qxb3 32. Rxc5+ Kd8 33. Qc7+
Ke8 34. Qc8+ Kf7 35. Rc7# 1-0

[Event "Summer Cup"]
[Site "Wellington Chess Club"]
[Date "2023.02.18"]
[Round "2.1"]
[White "Hall, Nathan"]
[Black "Croad, Nicolas"]
[Result "0-1"]
[WhiteElo "1922"]
[BlackElo "2442"]

1. e4 { [%eval 0.36] } 1... e5 { [%eval 0.32] } 2. Nf3 { [%eval 0.29] } 2...
Nc6 { [%eval 0.29] } 3. Bc4 { [%eval 0.21] } 3... Nf6 { [%eval 0.29] } 4. d3 {
[%eval 0.21] } 4... Bc5 { [%eval 0.09] } 5. O-O { [%eval 0.24] } 5... d6 {
[%eval 0.21] } 6. h3 { [%eval 0.0] } 6... a6 { [%eval 0.13] } 7. a3 { [%eval
0.01] }  (7. c3 Na5 8. Bxf7+ Kxf7 9. b4) 7... O-O { [%eval 0.0] } 8. Re1 {
[%eval 0.07] } 8... Ne7 { [%eval 0.1] } 9. Nbd2 { [%eval -0.01] } 9... Ng6 {
[%eval 0.0] } 10. Nf1 { [%eval -0.08] } 10... c6 { [%eval 0.19] } 11. Ng3 {
[%eval 0.11] } 11... Bd7 { [%eval 0.38] } 12. c3 { [%eval 0.38] } 12... Qc8 {
[%eval 0.93] } 13. d4 { [%eval 1.05] } 13... Ba7 { [%eval 1.01] } 14. dxe5 {
[%eval 0.49] }  (14. Bg5 Ne8 15. Qd2) 14... dxe5 { [%eval 0.65] } 15. Be3 $6 {
[%eval -0.22]   Inaccuracy. Bf1 was best. }  (15. Bf1) 15... Bxe3 { [%eval
-0.21] } 16. Rxe3 { [%eval -0.21] } 16... Qc7 { [%eval -0.23] } 17. Rd3 {
[%eval -0.21] } 17... b5 { [%eval -0.23] } 18. Ba2 { [%eval -0.27] } 18... Nf4
{ [%eval -0.24] } 19. Rd6 { [%eval -0.49] }  (19. Rd2 Rad8 20. Qc2 c5 21. Rad1
c4) 19... Rad8 { [%eval -0.57] } 20. Nxe5 $2 { [%eval -2.06]   Mistake. Rd2 was
best. }  (20. Rd2 c5 21. Qe1 c4 22. Rad1 g6 23. Bb1 Rfe8 24. Qe3 h6 25. Kh2 Kg7
26. Bc2 a5) 20... Be6 { [%eval -1.92] } 21. Nxf7 { [%eval -2.25] } 21... Bxf7 {
[%eval -2.28] } 22. Bxf7+ { [%eval -2.59] } 22... Kxf7 { [%eval -2.17] } 23.
Qb3+ { [%eval -2.7] } 23... Kg6 { [%eval -2.4] } 24. Rxd8 { [%eval -2.45] }
24... Rxd8 { [%eval -2.3] } 25. Re1 { [%eval -2.64] } 25... Qe5 { [%eval -2.32]
} 26. c4 $6 { [%eval -3.18]   Inaccuracy. Nf5 was best. }  (26. Nf5 h6 27. Qc2
c5 28. Nh4+ Kf7 29. Nf3 Qe6 30. e5 N6d5 31. c4 Ne7 32. Re4 Nd3) 26... Rd2 {
[%eval -3.41] } 27. cxb5 { [%eval -3.44] } 27... axb5 { [%eval -3.06] } 28. Nf5
$6 { [%eval -4.11]   Inaccuracy. Qe3 was best. }  (28. Qe3 Rd3 29. Qa7 h5 30.
Qb7 Rd2 31. Qxc6 Nd3 32. Rf1 Qxb2 33. Qb6 Kh7 34. Qe3) 28... Ne2+ { [%eval
-4.14] } 29. Kh1 { [%eval -4.13] } 29... Qxe4 { [%eval -4.0] } 30. Ne3 $6 {
[%eval -5.19]   Inaccuracy. Ng3 was best. }  (30. Ng3 Qd5 31. Qe3 Nxg3+ 32.
Qxg3+ Kf7 33. Kg1 h6 34. b3 Rd3 35. Qc7+ Qd7 36. Qxd7+ Rxd7) 30... Nf4 { [%eval
-4.87] } 31. Kg1 { [%eval -6.06] } 31... Rd3 { [%eval -5.13] } 32. Qc2 { [%eval
-5.77] } 32... Rxe3 { [%eval -5.62] } 0-1

[Event "Summer Cup"]
[Site "Wellington Chess Club"]
[Date "2023.02.18"]
[Round "2.2"]
[White "Ker, Anthony"]
[Black "Jackson, Ross"]
[Result "1-0"]
[WhiteElo "2425"]
[BlackElo "1885"]

1. e4 c5 2. Nc3 d6 3. f4 g6 4. Nf3 Bg7 5. Bc4 Nc6 6. O-O Nd4 7. d3 e6 8. e5 a6
9. Ne4 d5 10. Nd6+ Kf8 11. Nxd4 dxc4 12. Nf3 cxd3 13. Qxd3 h6 14. Be3 Qc7 15.
Qc4 b6 16. b4 Bd7 17. bxc5 b5 18. Qd3 Ne7 19. c4 bxc4 20. Qxc4 Bc6 21. Rab1 Nd5
22. Bd2 Ke7 23. Nd4 Rhb8 24. Ba5 Qd7 25. Rxb8 Rxb8 26. Qxa6 Bb7 27. Qa7 1-0

[Event "Summer Cup"]
[Site "Wellington Chess Club"]
[Date "2023.02.18"]
[Round "2.3"]
[White "Malcolm, Leo"]
[Black "Dive, Russell"]
[Result "0-1"]
[WhiteElo "1777"]
[BlackElo "2350"]

1. e4 c6 2. Nc3 d5 3. Qf3 dxe4 4. Nxe4 Nd7 5. d4 Ndf6 6. c3 Bg4 7. Nxf6+ Nxf6
8. Qf4 e6 9. Nf3 Bd6 10. Ne5 O-O 11. f3 Bf5 12. g4 Bg6 13. h4 Nd5 14. Qd2 f6
15. Nxg6 Bg3+ 16. Kd1 hxg6 17. h5 g5 18. Qc2 f5 19. Qg2 Bf4 20. h6 g6 21. Bc4
Kh7 22. Bxd5 Qxd5 23. Bxf4 gxf4 24. g5 e5 25. Re1 Rae8 26. Kc2 e4 27. Qh2 Qd6
28. Re3 Qb8 0-1

[Event "Summer Cup"]
[Site "Wellington Chess Club"]
[Date "2023.02.18"]
[Round "2.4"]
[White "Winter, Ryan"]
[Black "Henrys, Francis"]
[Result "1-0"]
[WhiteElo "2209"]
[BlackElo "1728"]

1. e4 d5 2. exd5 Qxd5 3. Nc3 Qa5 4. d4 c6 5. Nf3 e6 6. Be2 Nf6 7. O-O Be7 8.
Re1 b5 9. Ne5 b4 10. Nb1 Bb7 11. Bf3 O-O 12. Nd2 Rd8 13. Qe2 Rxd4 14. Nb3 Qd8
15. Nxd4 Qxd4 16. Nxf7 Ba6 17. Qxe6 Bc4 18. Nh6+ Kh8 19. Qxe7 gxh6 20. Bxh6 Ng8
21. Be3 Qxb2 22. Qd8 Bd5 23. Bxd5 cxd5 24. Rad1 1-0

[Event "Summer Cup"]
[Site "Wellington Chess Club"]
[Date "2023.02.18"]
[Round "2.5"]
[White "Archer, Ollie"]
[Black "Marney, John"]
[Result "1-0"]
[WhiteElo "2151"]
[BlackElo "1689"]

1. d4 d5 2. Bf4 Nf6 3. e3 c5 4. c3 Nc6 5. Nd2 Qb6 6. Qb3 c4 7. Qc2 g6 8. e4
Nxe4 9. Nxe4 Bf5 10. f3 Bxe4 11. fxe4 dxe4 12. Bxc4 e6 13. Qb3 Qxb3 14. axb3
Bg7 15. Bb5 O-O 16. Bxc6 bxc6 17. Ne2 Rfb8 18. Bxb8 1-0

[Event "Summer Cup"]
[Site "Wellington Chess Club"]
[Date "2023.02.18"]
[Round "2.6"]
[White "Keay, Matt"]
[Black "Sole, Michael"]
[Result "0-1"]
[WhiteElo "1757"]
[BlackElo "2142"]

1. e4 e5 2. Nf3 Nc6 3. Bc4 Nf6 4. d3 Bc5 5. O-O d6 6. h3 a5 7. a3 h6 8. c3 O-O
9. Re1 a4 10. Bb5 Nh7 11. Bxa4 f5 12. d4 fxe4 13. Bxc6 bxc6 14. Rxe4 Bf5 15.
Re1 exd4 16. Nxd4 Bd7 17. Be3 Qf6 18. Nd2 d5 19. N4f3 Bd6 20. Bd4 Qg6 21. Qb1
Bf5 22. Nh4 Bxb1 23. Nxg6 Bxg6 24. b4 Nf6 25. a4 Bc2 26. a5 Bd3 27. Nf3 Ne4 28.
Ne5 Bb5 29. c4 Bxe5 30. Bxe5 Bxc4 31. Bxc7 Nxf2 32. Bd6 Rf7 33. Bc5 Nd3 34. Re6
Nxc5 35. bxc5 Bb5 36. Rd6 Rfa7 37. Re1 Rxa5 38. Re7 R5a7 39. Ree6 Rf7 40. Kh2
Raf8 41. Rxc6 Bxc6 42. Rxc6 Rd7 43. Rb6 Rc8 44. Rb5 d4 0-1

[Event "Summer Cup"]
[Site "Wellington Chess Club"]
[Date "2023.02.18"]
[Round "2.7"]
[White "Webster, Jamie"]
[Black "Cilia Vincenti, David"]
[Result "0-1"]
[WhiteElo "1686"]
[BlackElo "2136"]

1. e4 c5 2. Nc3 e6 3. Nf3 d5 4. d4 cxd4 5. Nxd4 dxe4 6. Nxe4 a6 7. Bd3 e5 8.
Ne2 Nf6 9. O-O Be7 10. N2g3 O-O 11. Nxf6+ Bxf6 12. Ne4 Nc6 13. Qf3 Be7 14. Qh5
g6 15. Qh6 f5 16. Bc4+ Kh8 17. Ng5 Bxg5 18. Bxg5 Qe8 19. h4 Be6 20. Bxe6 Qxe6
21. h5 f4 22. hxg6 Qxg6 23. Qxg6 hxg6 24. f3 Rf5 25. Bh4 Rh5 26. Be1 Nd4 27. c3
Ne2+ 28. Kf2 Ng3 29. Rg1 Rd8 30. c4 e4 31. fxe4 Nxe4+ 32. Kf3 Nd2+ 33. Kxf4
Rf5+ 34. Kg4 Rd4+ 35. Kh3 Rd3+ 36. Kg4 Ne4 37. g3 Rd4 38. Kh3 Rxc4 39. Bc3+
Nxc3 40. bxc3 Rxc3 41. Rad1 Kg7 42. Rd7+ Rf7 43. Rd6 Ra3 44. Rg2 b5 45. Kg4
Ra4+ 46. Kh3 Rf3 47. Kh2 Raa3 48. Rc6 a5 49. g4 b4 50. g5 Rh3+ 51. Kg1 Rhg3 52.
Rc7+ Kf8 53. Rc6 Rxg2+ 54. Kxg2 Rxa2+ 55. Kf3 Kf7 56. Rf6+ Kg7 57. Ke4 Rg2 58.
Ra6 Rxg5 0-1

[Event "Summer Cup"]
[Site "Wellington Chess Club"]
[Date "2023.02.18"]
[Round "2.8"]
[White "Ulm, Joy"]
[Black "Van der Hoorn, Thomas"]
[Result "0-1"]
[WhiteElo "1654"]
[BlackElo "2068"]

1. d4 e6 2. c4 Nf6 3. Nc3 Bb4 4. e3 b6 5. Nf3 Ne4 6. Qc2 Bb7 7. Be2 O-O 8. O-O
Bxc3 9. bxc3 d6 10. a4 a5 11. Rd1 Nd7 12. Rb1 Qe7 13. Ba3 f5 14. d5 Ndc5 15.
Bxc5 Nxc5 16. dxe6 Be4 17. Bd3 Nxd3 18. Rxd3 Bxd3 19. Qxd3 Qxe6 20. Nd4 Qf7 21.
Nc6 Rae8 22. Qd5 f4 23. Re1 fxe3 24. Rxe3 Rxe3 25. fxe3 Kh8 26. Qxf7 Rxf7 27.
Nd4 Kg8 28. Nf3 Rf5 29. Kf2 Rc5 30. Nd2 d5 31. cxd5 Rxc3 0-1

[Event "Summer Cup"]
[Site "Wellington Chess Club"]
[Date "2023.02.18"]
[Round "2.9"]
[White "Forster, Bill"]
[Black "Scott, Callum"]
[Result "1-0"]
[WhiteElo "2053"]
[BlackElo "1621"]

1. d4 d5 2. c4 e6 3. Nc3 Nf6 4. cxd5 exd5 5. Bg5 Nbd7 6. e3 h6 7. Bh4 Be7 8.
Bd3 O-O 9. Qc2 b6 10. Nge2 c5 11. O-O Bb7 12. f3 Rc8 13. Rae1 Re8 14. Bf2 Nf8
15. Bf5 N6d7 16. Qd1 a6 17. Nf4 cxd4 18. exd4 Bb4 19. Rxe8 Qxe8 20. Ncxd5 Bd6
21. Qb3 b5 22. Re1 Qd8 23. Nd3 Rc4 24. Be4 f5 25. Ne7+ Bxe7 26. Bxb7 Kh8 27.
Bxa6 Bf6 28. Bxb5 Rc7 29. Ne5 Nxe5 30. dxe5 Be7 31. Qd3 Qb8 32. a4 Bc5 33. Bxc5
Rxc5 34. Qxf5 Qd8 35. Qe4 Ne6 36. f4 Qb6 37. Kh1 Qc7 38. Bd3 Kg8 39. b3 Nf8 40.
Bc4+ Kh8 41. e6 1-0

[Event "Summer Cup"]
[Site "Wellington Chess Club"]
[Date "2023.02.18"]
[Round "2.10"]
[White "Saglam, Yigit"]
[Black "Young, Cohen"]
[Result "0-1"]
[WhiteElo "1000"]
[BlackElo "1994"]

1. d4 Nf6 2. c4 e6 3. Nf3 d5 4. cxd5 exd5 5. e3 Bd6 6. Nc3 c6 7. Bd3 O-O 8. O-O
Bg4 9. e4 dxe4 10. Nxe4 Nxe4 11. Bxe4 Nd7 12. Bxh7+ Kxh7 13. Ng5+ Qxg5 14. f3
Qh4 15. g3 Bxg3 16. hxg3 Qxg3+ 17. Kh1 Rh8 0-1

[Event "Summer Cup"]
[Site "Wellington Chess Club"]
[Date "2023.02.18"]
[Round "2.11"]
[White "Tanoi, Edward"]
[Black "Nazeer, Afique"]
[Result "1-0"]
[WhiteElo "1993"]
[BlackElo "1200"]

1. e4 e5 2. Nc3 Nc6 3. f4 exf4 4. Nf3 d6 5. d4 a6 6. Bxf4 Bg4 7. Bc4 Bxf3 8.
gxf3 Nge7 9. Bg5 Qd7 10. Qd2 O-O-O 11. Bxf7 Kb8 12. O-O-O h6 13. Be3 Nc8 14.
Bg6 Nb6 15. Qe2 Ne7 16. Bf7 Nc6 17. d5 Ne5 18. Be6 Qe7 19. Kb1 g5 20. Rd4 c5
21. Rdd1 Qc7 22. h4 gxh4 23. Rxh4 Nbc4 24. Bc1 b5 25. b3 b4 26. Na4 Qa5 27. f4
Be7 28. Rh3 Bf6 29. fxe5 Nxe5 30. Rxh6 Rxh6 31. Bxh6 c4 32. Rf1 cxb3 33. axb3
1-0

[Event "Summer Cup"]
[Site "Wellington Chess Club"]
[Date "2023.02.18"]
[Round "2.12"]
[White "Frost, Paul"]
[Black "Perrin, Brent"]
[Result "1-0"]
[WhiteElo "1799"]
[BlackElo "1960"]

1. Nf3 f5 2. c4 Nf6 3. Nc3 d6 4. g3 e5 5. Bg2 Be7 6. d3 O-O 7. O-O Nc6 8. a3 a5
9. b3 Qe8 10. Bb2 Qh5 11. e3 f4 12. Nh4 Bg4 13. Bf3 fxg3 14. fxg3 Bxf3 15. Qxf3
Ng4 16. Qe2 Bxh4 17. gxh4 Qxh4 18. Nd5 Qg5 19. Kh1 Qh4 20. Kg1 Rxf1+ 21. Rxf1
Rf8 22. Rxf8+ Kxf8 23. Nxc7 Kg8 24. Nb5 Qg5 25. Kh1 Qf6 26. Nc3 Nh6 27. Ne4 Qg6
28. Ng3 Nf7 29. e4 Qf6 30. Bc3 Nfd8 31. b4 axb4 32. axb4 Ne6 33. b5 Ncd4 34.
Qf1 Qxf1+ 35. Nxf1 Nf4 36. Bb4 Nxd3 37. Bxd6 Kf7 38. Ne3 Ke6 39. Bc7 h5 40. Kg2
Nc5 41. Nf5 Nxf5 42. exf5+ Kxf5 43. Bd6 Ne4 44. Bf8 g6 45. c5 Ke6 46. c6 bxc6
47. bxc6 Nd6 48. Kf3 Nb5 49. Ke3 Na7 50. c7 Kd7 51. Ke4 Nc6 52. Bd6 h4 53. h3
g5 54. Kf5 {time} 1-0

[Event "Summer Cup"]
[Site "Wellington Chess Club"]
[Date "2023.02.18"]
[Round "2.13"]
[White "Winsley, Nicholas"]
[Black "Hill, Ethan"]
[Result "1-0"]
[WhiteElo "1942"]
[BlackElo "1000"]

1. e4 d5 2. exd5 Nf6 3. Bc4 Nxd5 4. d4 Nb6 5. Bb3 Bf5 6. Nf3 e6 7. O-O g6 8.
Re1 c5 9. Bg5 f6 10. Bxe6 Bxe6 11. Rxe6+ Kf7 12. Rxf6+ Qxf6 13. Bxf6 Kxf6 14.
dxc5 Bxc5 15. Nc3 Nc6 16. Ne4+ 1-0

[Event "Summer Cup"]
[Site "Wellington Chess Club"]
[Date "2023.02.18"]
[Round "2.14"]
[White "Mangera, Muhammad"]
[Black "Aldridge, Alan"]
[Result "0-1"]
[WhiteElo "1515"]
[BlackElo "1760"]

1. e4 e5 2. Nf3 Nc6 3. Bc4 Bc5 4. d3 Nf6 5. Bg5 d6 6. Nc3 Be6 7. Nd5 h6 8.
Nxf6+ gxf6 9. Bxe6 fxe6 10. Bh4 Qe7 11. Qe2 O-O-O 12. O-O Qg7 13. Bg3 Rdg8 14.
a3 h5 15. h4 Qxg3 16. Ng5 fxg5 17. Qf3 Qxf3 18. gxf3 gxh4+ 19. Kh2 Nd4 20. Kh3
Nxf3 21. Rg1 Rxg1 22. Rxg1 Nxg1+ 23. Kg2 Ne2 24. Kf1 Nf4 25. b4 Bd4 26. Ke1
Bc3+ 27. Kf1 Rg8 28. b5 h3 29. b6 cxb6 30. d4 h2 31. f3 Rg1+ 32. Kf2 Rg2+ 33.
Ke3 Re2# 0-1

[Event "Summer Cup"]
[Site "Wellington Chess Club"]
[Date "2023.02.18"]
[Round "2.15"]
[White "Lavender, Ariel"]
[Black "Ashe, Michael"]
[Result "1-0"]
[WhiteElo "1512"]
[BlackElo "1659"]

1. d4 Nf6 2. Nf3 e6 3. c4 d5 4. g3 Bb4+ 5. Bd2 Be7 6. Bg2 O-O 7. O-O c6 8. Qc2
Ne4 9. Bf4 Bd6 10. Bxd6 Nxd6 11. Nbd2 Nd7 12. c5 Ne8 13. e4 dxe4 14. Nxe4 Ndf6
15. Rad1 Nxe4 16. Qxe4 Nf6 17. Qd3 Nd5 18. a3 a5 19. Ne5 f6 20. Nc4 Qc7 21. Nd6
b6 22. b4 axb4 23. axb4 Nxb4 24. Qb3 Nd5 25. Ra1 Rb8 26. Rfb1 Bd7 27. Qa3 bxc5
28. dxc5 Rxb1+ 29. Rxb1 Rb8 30. Ra1 Kf8 31. Qd3 Nb4 32. Qxh7 Ke7 33. Qxg7+ Kd8
34. Qxf6# 1-0

[Event "Summer Cup"]
[Site "Wellington Chess Club"]
[Date "2023.02.18"]
[Round "2.16"]
[White "Evans, Oliver"]
[Black "Qu, Lucas"]
[Result "1-0"]
[WhiteElo "1641"]
[BlackElo "1358"]

1. e4 e5 2. Nf3 Nc6 3. Bc4 Bc5 4. c3 Nf6 5. d3 d6 6. Nbd2 Be6 7. Bb5 a6 8.
Bxc6+ bxc6 9. c4 Ng4 10. O-O Nxf2 11. Rxf2 Bxf2+ 12. Kxf2 Qf6 13. Nf1 h6 14. h3
d5 15. cxd5 cxd5 16. exd5 Bxd5 17. Ne3 Bxf3 18. Qxf3 Qxf3+ 19. Kxf3 Rd8 20. Ke2
O-O 21. Bd2 f5 22. Rc1 Rd7 23. Ba5 Rff7 24. Rc5 e4 25. dxe4 fxe4 26. Re5 Rd4
27. Bc3 Ra4 28. a3 c6 29. Bb4 Kh7 30. Nd1 Ra7 31. Rxe4 a5 32. Nc3 axb4 33. Nxa4
Rxa4 34. Rxb4 Ra5 35. Rc4 Rb5 36. b4 Rb6 37. a4 Kg6 38. a5 Ra6 39. Ke3 Kf5 40.
Kd3 Ke5 41. Kc3 Kd5 42. Kb3 Ra7 43. Rc5+ Kd6 44. Kc4 g6 45. b5 cxb5+ 46. Rxb5
Rc7+ 47. Kb4 g5 48. Rb6+ Rc6 49. Rxc6+ Kxc6 50. Kc4 1-0

[Event "Summer Cup"]
[Site "Wellington Chess Club"]
[Date "2023.02.18"]
[Round "2.17"]
[White "Thirkell, Zachary"]
[Black "Ulm, Eric"]
[Result "1-0"]
[WhiteElo "1885"]
[BlackElo "1000"]

1. d4 e6 2. c4 Bb4+ 3. Bd2 a5 4. a3 Bxd2+ 5. Qxd2 d6 6. Nc3 Nf6 7. Nf3 O-O 8.
g3 c5 9. e3 b6 10. Bg2 Bb7 11. O-O Nbd7 12. Nb5 Ne4 13. Qc2 d5 14. Nd2 Nxd2 15.
Qxd2 Qb8 16. cxd5 Bxd5 17. e4 Bc4 18. a4 Bxf1 19. Rxf1 e5 20. dxe5 Nxe5 21. f4
Nc6 22. e5 Qc8 23. Qd6 Nd4 24. Bxa8 Qxa8 25. Nxd4 Rd8 26. Qc6 cxd4 27. Qxb6 Qd5
28. Rd1 d3 29. b4 axb4 30. Qxb4 h6 31. a5 Qf3 32. Qd2 Kh7 33. a6 Qe2 34. a7
Qxd2 35. Rxd2 Ra8 36. Rxd3 Rxa7 37. g4 Ra4 38. Rf3 Re4 39. Kg2 g5 40. Kg3 gxf4+
41. Rxf4 Rxe5 42. Rxf7+ Kg6 43. Rc7 h5 44. Rc6+ Kg5 45. h4# 1-0

[Event "Summer Cup"]
[Site "Wellington Chess Club"]
[Date "2023.02.18"]
[Round "2.18"]
[White "Stoeveken, Peter"]
[Black "Sethuramalingam, Karthik"]
[Result "1-0"]
[WhiteElo "1779"]
[BlackElo "1415"]

1. d4 d5 2. c4 e6 3. Nf3 Nf6 4. Nc3 Be7 5. e3 Nbd7 6. c5 c6 7. Bd3 b6 8. cxb6
axb6 9. O-O Ba6 10. Re1 Bb4 11. a3 Bxd3 12. Qxd3 Ne4 13. Bd2 Nxd2 14. Nxd2 Bd6
15. Rac1 Nf6 16. e4 dxe4 17. Ncxe4 c5 18. Qb5+ Kf8 19. dxc5 Bf4 20. Rcd1 bxc5
21. Qxc5+ Qe7 22. Qc6 Rb8 23. b4 Ng4 24. h3 Qh4 25. Nf3 Qh6 26. hxg4 f5 27.
gxf5 g5 28. fxe6 1-0

[Event "Summer Cup"]
[Site "Wellington Chess Club"]
[Date "2023.02.18"]
[Round "2.19"]
[White "Dixon, Hamish"]
[Black "He, Jacob"]
[Result "1-0"]
[WhiteElo "1720"]
[BlackElo "1300"]

1. e4 e5 2. Nf3 Nc6 3. d4 d5 4. exd5 Qxd5 5. c4 Qa5+ 6. Bd2 Nb4 7. Nxe5 Be7 8.
Be2 Be6 9. a3 O-O-O 10. Qb3 Rxd4 11. Bxb4 Nf6 12. Bxa5 Rhd8 13. Nc3 b6 14. Nc6
R4d6 15. Nxe7+ Kb8 16. Bf3 Bxc4 17. Qxc4 R6d7 18. Nc6+ Kc8 19. Nxd8 1-0

[Event "Summer Cup"]
[Site "Wellington Chess Club"]
[Date "2023.02.18"]
[Round "2.20"]
[White "Mavaram, Eashan"]
[Black "Campbell, Cazna"]
[Result "1/2-1/2"]
[WhiteElo "1441"]
[BlackElo "1701"]

1. e4 c6 2. d4 d5 3. exd5 cxd5 4. Bd3 Nf6 5. Ne2 Bg4 6. f3 Bh5 7. Bf4 e6 8. Nd2
Nc6 9. c3 Bd6 10. Bxd6 Qxd6 11. O-O Bg6 12. Bc2 Rc8 13. Re1 Bxc2 14. Qxc2 O-O
15. a3 b5 16. b4 Nh5 17. Nb3 Nf4 18. Nxf4 Qxf4 19. Nc5 Rfe8 20. Qf2 e5 21. g3
Qf5 22. dxe5 Nxe5 23. f4 Nd3 24. Nxd3 Qxd3 25. Rac1 Rxe1+ 26. Qxe1 Qe4 27. Qd2
d4 28. cxd4 Rxc1+ 29. Qxc1 Qxd4+ 30. Kg2 g6 31. Qc8+ Kg7 32. Qa6 Qb6 33. Qxb6
axb6 34. Kf3 Kf6 35. Ke4 Ke6 36. g4 f6 37. f5+ Kd6 38. fxg6 hxg6 39. h4 Ke6 40.
h5 Kf7 41. hxg6+ Kxg6 42. Kf4 Kg7 43. g5 Kg6 44. gxf6 Kxf6 45. Ke4 Ke6 46. Kd4
Kd6 47. Ke4 Ke6 1/2-1/2

[Event "Summer Cup"]
[Site "Wellington Chess Club"]
[Date "2023.02.18"]
[Round "2.21"]
[White "Hupert, Leo"]
[Black "Cooke, Xandi"]
[Result "0-1"]
[WhiteElo "1326"]
[BlackElo "1612"]

1. e4 c5 2. Nc3 Nc6 3. Bc4 e6 4. Nf3 a6 5. a3 Qc7 6. d4 cxd4 7. Nxd4 Nf6 8.
Nxc6 Qxc6 9. Bd3 d6 10. O-O Be7 11. Qe2 O-O 12. Qf3 b5 13. Qg3 Nh5 14. Qf3 {
Draw Offered } 14... Nf6 15. Qg3 Nh5 16. Qf3 g6 17. Bh6 Rd8 18. Rae1 Bb7 19.
Re3 Qc5 20. Qg4 Nf6 21. Qh4 Nd5 22. Qh3 Nxe3 23. Bxe3 Qe5 24. Qh6 d5 25. Ne2
dxe4 26. Bf4 Qh5 27. Bxe4 Qxh6 28. Bxh6 Bxe4 29. c3 Bc5 30. Ng3 Bd3 31. Re1 Rd5
32. Ne2 Bxe2 { White Resigns } 0-1

[Event "Summer Cup"]
[Site "Wellington Chess Club"]
[Date "2023.02.18"]
[Round "2.22"]
[White "Jones, Christopher"]
[Black "Brocklesby, Sebastian"]
[Result "0-1"]
[WhiteElo "1596"]
[BlackElo "1000"]

1. e4 e5 2. Nf3 Nc6 3. Bb5 Bc5 4. O-O d6 5. c3 Bd7 6. d4 exd4 7. cxd4 Bb6 8.
Re1 Nge7 9. Nc3 O-O 10. Ne2 a6 11. Ba4 Bg4 12. Be3 Bxf3 13. gxf3 Ng6 14. Rc1
Nh4 15. Ng3 Ne7 16. Bg5 Nhg6 17. e5 h6 18. exd6 cxd6 19. Bxe7 Nxe7 20. Qb3 Bxd4
21. Qxb7 Be5 22. Rcd1 Ng6 23. Ne4 Qh4 24. Nxd6 Qxh2+ 25. Kf1 Bxd6 26. Qe4 Nf4
27. Re3 Qh1# 0-1

[Event "Summer Cup"]
[Site "Wellington Chess Club"]
[Date "2023.02.18"]
[Round "2.23"]
[White "Hooper, John"]
[Black "Darr, Samuel"]
[Result "1-0"]
[WhiteElo "1244"]
[BlackElo "1569"]

1. e4 e6 2. d4 d5 3. exd5 exd5 4. Nc3 Nf6 5. Bd3 c5 6. Nf3 Nc6 7. Bb5 Bg4 8.
dxc5 Bxc5 9. O-O O-O 10. h3 Be6 11. b3 a6 12. Bd3 b5 13. Bb2 Nb4 14. Ne5 Bd4
15. Bxh7+ Nxh7 16. Qxd4 Nxc2 17. Qd3 Nxa1 18. Nc6 Qc7 19. Nd4 Nxb3 20. axb3 Nf6
21. Nxe6 fxe6 22. Re1 Rfe8 23. Qg6 Qf7 24. Qg3 Rac8 25. Nd1 Nh5 26. Qe3 Rc6 27.
Qe5 Qf5 28. Qxf5 exf5 29. Rxe8+ Kf7 30. Re5 g6 31. Rxd5 Nf4 32. Rd7+ Ke6 33.
Rg7 Kd5 34. Ne3+ Ke4 35. Rd7 Ne6 36. Rd5 f4 37. Re5+ Kd3 38. Nd5 a5 39. Rxe6
1-0

[Event "Summer Cup"]
[Site "Wellington Chess Club"]
[Date "2023.02.18"]
[Round "2.24"]
[White "Farrington, Lawrence"]
[Black "Dixon, Toby"]
[Result "1/2-1/2"]
[WhiteElo "1569"]
[BlackElo "1000"]

1. e4 e5 2. Nf3 Nc6 3. Nc3 Nf6 4. Bb5 d6 5. d4 exd4 6. Nxd4 Bd7 7. Bg5 h6 8.
Bxf6 Qxf6 9. Nxc6 Bxc6 10. O-O Bxb5 11. Nxb5 Qd8 12. Re1 Be7 13. c4 a6 14. Nc3
O-O 15. Nd5 Bf6 16. Nxf6+ Qxf6 17. b3 Qe6 18. Qd3 f5 19. exf5 Qxf5 20. Qxf5
Rxf5 21. Re7 Rf7 22. Rae1 Rxe7 23. Rxe7 Rc8 24. f3 Kf8 25. Re3 Re8 26. Kf2 Rxe3
27. Kxe3 Ke7 28. Kd4 Ke6 29. Ke4 g5 30. h3 b5 31. cxb5 d5+ 32. Kd4 axb5 33. a4
bxa4 34. bxa4 Kd6 35. a5 c5+ 36. Kd3 Kc6 37. g3 Kb5 38. f4 c4+ 39. Kc3 gxf4 40.
gxf4 d4+ 41. Kc2 Kxa5 42. f5 Kb4 43. f6 d3+ 44. Kd2 c3+ 45. Kxd3 Kb3 46. f7 c2
47. f8=Q c1=Q 48. Qb8+ Ka3 49. Qa7+ Kb4 50. Qb6+ Ka4 51. Qd4+ Ka5 52. Qc3+
Qxc3+ 53. Kxc3 Kb5 54. Kd4 Kc6 55. Ke5 Kd7 56. Kf6 h5 57. Kg5 Ke7 58. Kxh5 Kf7
59. h4 Kg7 60. Kg5 Kh7 61. h5 Kg7 62. h6+ Kh8 1/2-1/2

[Event "Summer Cup"]
[Site "Wellington Chess Club"]
[Date "2023.02.18"]
[Round "2.25"]
[White "Asher, Bruce"]
[Black "Shepherd, Blake"]
[Result "0-1"]
[WhiteElo "1064"]
[BlackElo "1566"]

1. e4 e6 2. c4 d5 3. cxd5 exd5 4. d3 dxe4 5. Nc3 Bb4 6. Bd2 exd3 7. Ne4 Bf5 8.
Qf3 Bxd2+ 9. Nxd2 Qe7+ 10. Kd1 Bc8 11. Qxd3 Nf6 12. Ngf3 O-O 13. h3 Rd8 14. Qc3
Ne4 15. Qe3 Qb4 16. Bd3 Rxd3 17. Qe2 Bf5 18. Rc1 Nc6 19. Ke1 Nxd2 20. Rc2 Nxf3+
21. Kf1 Rd1+ 22. Qxd1 Bxc2 23. Qxf3 Re8 24. g4 Re1+ 25. Kg2 Rxh1 26. Kg3 Qd6+
27. Kh4 Qh6+ 28. Kg3 Qxh3+ 29. Kf4 g5+ 30. Ke3 Re1+ 0-1